| 000 | 00473nam a2200181Ia 4500 | ||
|---|---|---|---|
| 003 | GCL | ||
| 008 | 140319s9999 xx 000 0 eng d | ||
| 040 |
_aGCL / _cGCL |
||
| 082 | 0 | 4 |
_a843 _bB C |
| 100 | 1 | _aDE BALZAC, HONORE | |
| 245 | 1 | 0 |
_aCESAR BIROTTEAU / _cDE BALZAC, HONORE |
| 260 |
_a[S.N] : _bLIBRAIRE GENERALE FRANCAISE ، _c1989 |
||
| 300 | _a379 P | ||
| 490 |
_aLE LIVRE DE POCHE _v0 |
||
| 650 | 0 | 4 | _aLITERATURE |
| 650 | 0 | 4 | _aFRENCH LITERATURE |
| 942 |
_2ddc _cBK |
||
| 999 |
_c22107 _d22107 |
||